000 00543nam a2200181Ia 4500
008 100920s9999 xx 000 0 und d
082 _b101582
_a891.43 न 04
100 _aसुरजन ललित.
245 _aसमय की साखी.
260 _bसदानीरा इलाहबाद.
_c2004
300 _a168
_bसाधी
365 _b175
520 _aहिंदी.
630 _aसमय की साखी.
650 _aहिंदी.
730 _aसमय की साखी.
942 _cBOOK
999 _c742019
_d742016